| 000 | 00659nam a2200193Ia 4500 | ||
|---|---|---|---|
| 003 | IN-BaIIA | ||
| 008 | 211028s9999 xx 000 0 eng d | ||
| 020 | _a978-3-319-09197-6 | ||
| 040 | _cIIA Library | ||
| 080 |
_a52(082.1) _bASS-408 |
||
| 245 | 0 |
_aGiants of eclipse _bthe zeta aurigae stars and other binary systems _cedited by Thomas B Ake and Elizabeth Griffin |
|
| 260 |
_aCham _bSpringer _c2015 |
||
| 300 | _axv, 202p. | ||
| 650 |
_aEclipsing binaries _97591 |
||
| 650 |
_aScience - astronomy _936158 |
||
| 700 |
_aAke, Thomas B., ed. _936490 |
||
| 700 |
_aGriffin, Elizabeth., ed. _936491 |
||
| 942 | _cBK | ||
| 999 |
_c19113 _d19113 |
||